00827cam a22002411 450000100060000000300080000600500170001400800410003103500190007204000280009104100080011908200260012710000340015324500480018725000130023526000350024830000280028365000550031165100440036694200120041099900170042295201460043929134BD-RjUL20211209051358.0750710s1947 nyub 000 0 eng  a(BD-RjUL)29219 aDLCcFJdNSyUdDLCbeng aeng a330.973223bHED 19471 aHewes, Thomas,d1888-912846710aDecentralize for liberty /bby Thomas Hewes a[2d ed.] aNew York,bE.P. Dutton,c1947. a 238 p.:bill.;c21 cm. 0aReconstruction (1939-1951)zUnited States.9128468 0aUnited StatesxEconomic policy.9125456 2ddccBK c29134d29134 00102ddc40718NFICaRUCLbRUCLcReadingd1958-02-20eU.S.I.S. , Daccag0.00l0o330.973 HED 1947r2016-06-06 00:00:00tC-1w2016-06-06yBK